đŸŽ¶ Paroles "L'hirondelle revenue" Gilles Servat - Statistiques

Statistiques générales
  • Ce quiz a Ă©tĂ© pris 5 fois
  • Le rĂ©sultat moyen est 179 sur 232
Statistiques - réponses
Mots % Correct
air
100%
bandes
100%
beau
100%
blanche
100%
Blanche
100%
ce
100%
ciel
100%
comme
100%
corbeaux
100%
dans
100%
Dans
100%
de
100%
des
100%
dessus
100%
drus
100%
et
100%
Et
100%
genĂȘts
100%
grĂȘle
100%
hirondelle
100%
hirondelle ?
100%
hiver
100%
l'
100%
la
100%
La
100%
labours
100%
le
100%
Les
100%
les
100%
Mon
100%
(Mon
100%
neigeux
100%
Noire
100%
noire
100%
nous
100%
Par
100%
par
100%
pays
100%
pays ...)
100%
Quand
100%
{Refrain :
100%
(Refrain)
100%
(Refrain*)
100%
s'
100%
sansonnets
100%
soumis
100%
Sur
100%
Sur
100%
sur
100%
abattaient
50%
abattus
50%
ailes }
50%
ailes
50%
arbres
50%
arrachés
50%
Ăątre
50%
au
50%
autour
50%
aux
50%
belles
50%
bouche
50%
braise
50%
branches
50%
cadences
50%
campagne
50%
chantent
50%
cimetiĂšres
50%
dansent
50%
démembrée
50%
* doux
50%
du
50%
Elle
50%
En
50%
engourdie
50%
entiĂšre
50%
est
50%
fantĂŽmes
50%
file
50%
Fumant
50%
gens
50%
gris
50%
Hurlaient
50%
Ils
50%
immobiles
50%
langue
50%
Langue
50%
leurs
50%
loups
50%
mains
50%
noirs
50%
orgueilleux
50%
oĂč
50%
parlent
50%
partout
50%
passaient
50%
perdues
50%
place
50%
Plantés
50%
Pleuraient
50%
Poussaient
50%
printemps
50%
que
50%
qui
50%
ranimée
50%
revenue
50%
reverrions-
50%
revit !
50%
Rougeoyait
50%
se
50%
serpente
50%
Serrés
50%
silencieux
50%
souches
50%
Sous
50%
taisaient
50%
talus
50%
Tandis
50%
tas
50%
touchent
50%
tout
50%
toute
50%
Unis
50%
vent
50%
ventre
50%
Voici
50%
Rythmés
0%
Transie
0%
Aucun quiz correspondant
Distribution des résultats
% des personnes avec chaque résultat
Percentile par nombre de réponses
Votre historique - résultats
Vous n’avez pas pris ce quiz